Schwantz stratil vedenie (i titul?) GP Českej republiky na Masarykovom okruhu

Bibliographic Details
Main Author: Szabó, Michal (Author)
Format: Article
Language:Slovak
PhysicalDescription:Fotogr. 2
Subjects:

MARC

LEADER 00000nab a2200000 a 4500
001 vtls000496435
003 SK-MaSNL
005 20260304120437.0
008 160202c1993 xo 0 slo
015 |a SNBRB19rr/mm-uuuuu 
035 |a CL0496573 
040 |a SNKBUCL  |b slo  |c SNKBUCL  |e AACR2 
041 0 |a slo 
044 |a xo  |c SK 
080 |a 796.72.093.1  |2 1981 
100 1 |a Szabó, Michal  |4 aut  |9 268629 
245 1 0 |a Schwantz stratil vedenie (i titul?)  |b GP Českej republiky na Masarykovom okruhu  |c Michal Szabó 
300 |b Fotogr. 2 
650 0 7 |a motocyklistika  |2 snkbucl  |9 74824 
650 0 7 |a Grand Prix Českej republiky 1993, Brno (preteky automobilové medzinár.)  |2 snkbucl  |9 1424409 
655 7 |a články z novín a časopisov  |2 snkbucl  |9 267496 
773 0 |t Stop  |g Roč. 23, č. 20 (1993), s. 48-49 
850 |a Slovenská národná knižnica v Martine  |a MTA001 
852 |a SNK  |b KIS3GCP 
958 |a RK 
958 |a CZ 
992 |a RBX 
999 |c 2879931  |d 2881861